书目信息 |
| 题名: |
数字模型与数学建模
|
|
| 作者: | 刘来福 , 曾文艺 编著 | |
| 分册: | ||
| 出版信息: | 北京 北京师范大学出版社 1997.09 |
|
| 页数: | 386页 | |
| 开本: | 32开 | |
| 丛书名: | ||
| 单 册: | ||
| 中图分类: | O141.4 | |
| 科图分类: | ||
| 主题词: | 数理逻辑 , 数学基础 | |
| 电子资源: | ||
| ISBN: | 7-303-04374-8 | |
| 000 | 00636nam0 2200217 45 | |
| 001 | 0104110950 | |
| 005 | 20010411094815.5 | |
| 010 | @a7-303-04374-8@d15.60元 | |
| 100 | @a20010411d1997 km y0chiy0120 ea | |
| 101 | 0 | @achi |
| 105 | @a z 000yy | |
| 200 | 1 | @a数字模型与数学建模@AShu Zi Mo Xing Yu Shu Xue Jian Mo@f刘来福,曾文艺编著@FLiu Lai Fu,Ceng Wen Yi Bian Zhu |
| 210 | @a北京@c北京师范大学出版社@d1997.09 | |
| 215 | @a386页@d32开 | |
| 606 | 0 | @a数理逻辑 |
| 606 | 0 | @a数学基础 |
| 690 | @aO141.4@v3 | |
| 701 | 0 | @a刘来福@4编著 |
| 701 | 0 | @a曾文艺@4编著 |
| 801 | @aCN@bPftUser@c20010411 | |
| 905 | @b337235-236@dO141.4@eL245@f2 | |
| 数字模型与数学建模/刘来福,曾文艺编著.-北京:北京师范大学出版社,1997.09 |
| 386页;32开 |
| ISBN 7-303-04374-8:15.60元 |
| ● |
| 相关链接 |
|
|
|
正题名:数字模型与数学建模
索取号:O141.4/L245
 
预约/预借
| 序号 | 登录号 | 条形码 | 馆藏地/架位号 | 状态 | 备注 |
| 1 | 337235 | 203372359 | 数理学院资料室/ [索取号:O141.4/L245] | 在馆 | |
| 2 | 337236 | 203372368 | 自科库401/401自科库 40排3列2层/ [索取号:O141.4/L245] | 在馆 |